| 000 | 01026cab a2200217 4500 | ||
|---|---|---|---|
| 001 | ABS49936 | ||
| 008 | 090401t1993 xxu||||| |||| 00| 0 eng d | ||
| 035 | _a(Sirsi) u73390 | ||
| 041 | _aeng | ||
| 100 | _aMatysiak, G.A. | ||
| 245 | _aOptimizing property portfolio holdings : a scenario-assisted approach | ||
| 260 | _c1993 | ||
| 350 | _a0 | ||
| 490 |
_aJournal of Property Finance _v4(3/4) 1993, 68-75(4) |
||
| 520 | _aExamines how to evaluate the risk and expected return profiles of alternative portfolio asset holdings. The analysis presented would be useful in situations such as property company mergers or takeovers, the potential impact of the acquisition of a portfolio of properties on an existing portfolio holdings and the risk-and-return profile of the residual portfolio resulting from sales of properties. | ||
| 650 | _aPORTFOLIO MANAGEMENT | ||
| 650 | _aPROPERTY PORTFOLIOS | ||
| 690 | _aPROPERTY-COMMERCIAL PROPERTY-COMMERCIAL PROPERTY FINANCE AND INVESTMENT | ||
| 942 | _n0 | ||
| 948 | _c04/03/1997 | ||
| 999 |
_c46405 _d46405 |
||